Statistics for NFL First Names

Click here to take the quiz!

General Stats

  • This quiz has been taken 47 times
  • The average score is 27 of 30

Answer Stats

PositionFirst NameLast Name% Correct
WRAmon-RaSt. Brown
100%
WRDavanteAdams
98%
WRJa'MarrChase
98%
RBBreeceHall
98%
QBJalenHurts
98%
WRCeedeeLamb
98%
WRDeeboSamuel
98%
QBGenoSmith
98%
WRTyreekHill
95%
TETravisKelce
95%
QBPatrickMahomes
95%
RBBijanRobinson
95%
WRKeenanAllen
93%
WRStefonDiggs
93%
DEMylesGarrett
93%
RBAlvinKamara
93%
CBSauceGardner
91%
RBNajeeHarris
91%
RBJahmyrGibbs
88%
DEMaxxCrosby
86%
LBMicahParsons
86%
DTDeForestBuckner
84%
RBKennethWalker
84%
TTrentWilliams
84%
TEDallasGoedert
81%
LBHassonReddick
81%
WRPukaNacua
79%
RBRhamondreStevenson
79%
TLaneJohnson
77%
LBLeightonVander Esch
67%

Score Distribution

Percentile by Number Answered

Percent of People with Each Score

Your Score History

You have not taken this quiz